| 000 | 00795nam a2200253 i 4500 | ||
|---|---|---|---|
| 001 | 19406 | ||
| 003 | ES-MaACL | ||
| 005 | 20230906152105.0 | ||
| 007 | t| | ||
| 008 | 020807s2002 sp ||||1| spa d | ||
| 020 | _a84-8432-309-9 | ||
| 080 | _a94(38)".../-0146" | ||
| 245 | 0 | 3 |
_aLa Grecia clásica, 500-323 a.C. / _cedición de Robin Osborne ; traducción castellana de Gonzalo G. Djembé. |
| 260 |
_aBarcelona : _bCrítica, _c[2002] |
||
| 300 |
_a318 p. : _bmapas ; _c22 cm. |
||
| 490 | 1 | _aHistoria de Europa Oxford | |
| 500 | _aÍndices. | ||
| 651 | 4 |
_aGrecia- _xHistoria- _y499-323 a.C. _9173635 |
|
| 700 | 1 |
_aOsborne, Robin. _987729 |
|
| 700 | 1 |
_aDjembé, Gonzalo G. _944918 |
|
| 830 | 1 |
_aHistoria de Europa Oxford _9182444 |
|
| 852 |
_aES-MaACL _jL-25822 |
||
| 999 |
_c19406 _d19406 |
||